Martin Scorcese Films - Statistics

General Stats
  • This quiz has been taken 312 times
  • The average score is 11 of 25
Answer Stats
Hint Answer % Correct
1990 Goodfellas
88%
1976 Taxi Driver
87%
1995 Casino
76%
2006 The Departed
75%
1980 Raging Bull
74%
2013 The Wolf of Wall Street
69%
2010 Shutter Island
65%
1973 Mean Streets
55%
TBA The Irishman
55%
2002 Gangs of New York
52%
2011 Hugo
43%
2016 Silence
43%
2004 The Aviator
43%
1983 The King of Comedy
43%
1991 Cape Fear
34%
1988 The Last Temptation of Christ
28%
1977 New York, New York
27%
1985 After Hours
26%
1974 Alice Doesn't Live Here Anymore
23%
1997 Kundun
19%
1972 Boxcar Bertha
18%
1993 The Age of Innocence
18%
1999 Bringing Out the Dead
14%
1967 Who's That Knocking at My Door
14%
1986 The Colour of Money
13%
No matching quizzes found
Score Distribution
Percent of People with Each Score
Percentile by Number Answered
Your Score History
You have not taken this quiz